Statistics for Australia 2022 FIFA World Cup Squad

Click here to take the quiz!

General Stats

  • This quiz has been taken 709 times
    (672 since last reset)
  • The average score is 10 of 27

Answer Stats

#PositionPlayer% Correct
1GK ©Mathew Ryan
88%
13MFAaron Mooy
73%
7FWMathew Leckie
54%
19DFHarry Souttar
50%
23FWCraig Goodwin
49%
22MFJackson Irvine
43%
15FWMitchell Duke
41%
16DFAziz Behich
39%
21FWGarang Kuol
39%
9FWJamie Maclaren
38%
12GKAndrew Redmayne
37%
2DFMilos Degenek
35%
10MFAjdin Hrustic
34%
11FWAwer Mabil
33%
ManagerGraham Arnold
31%
25FWJason Cummings
26%
6FWMartin Boyle
26%
18GKDanny Vukovic
25%
4DFKye Rowles
25%
14MFRiley McGree
25%
3DFNathaniel Atkinson
24%
5DFFran Karačić
23%
20DFThomas Deng
23%
26MFKeanu Baccus
22%
8DFBailey Wright
21%
17MFCameron Devlin
20%
24DFJoel King
20%

Score Distribution

Percentile by Number Answered

Percent of People with Each Score

Your Score History

You have not taken this quiz since the last reset